Statistics for New Hampshire General Knowledge

Click here to take the quiz!

General Stats

  • This quiz has been taken 14 times
  • The average score is 7 of 15

Answer Stats

HintAnswer% Correct
Major city on the Merrimack River, largest cityManchester
85%
Highest peak in New Hampshire, known for erratic weatherMount Washington
85%
Capital and 3rd largest city in New HampshireConcord
85%
Private Ivy League university in HanoverDartmouth
77%
Major mountain range, known for Old Man of the MountainWhite Mountain
69%
14th U.S. president born in HillsboroughFranklin Pierce
62%
State nickname: _______ StateGranite
62%
Second largest city in NH, on the border of MassachusettsNashua
62%
Large city on the Maine-New Hampshire borderDover
54%
Controversial comedian and actress born in BedfordSarah Silverman
31%
Major footwear manufacturing company HQed in StrathamTimberland
23%
Natural gorge extending 800 feet near Mount LibertyFlume Gorge
15%
Beautiful historic wedding venue in Moultonborough Castle in the Clouds
15%
State park in above mountain range, 8 milesFranconia Notch
15%
Touristy heritage railway in North Conway, New HampshireConway Scenic Railroad
8%

Score Distribution

Percentile by Number Answered

Percent of People with Each Score

Your Score History

You have not taken this quiz